000 00922nmm a2200277 a 4500
001 ocm0001349767
003 TR-IsHL
005 20201028161337.0
008 161016s2015 tu tur
007 cr cn
020 _a9786051626147
035 _a1349767
_b(N$T)
050 0 4 _aPL175
_b.E935
090 0 4 _aPL175
_b.E935
100 1 _aEzber, Süleyman
245 1 0 _aCool olma kendin ol: yabancı kelime kullanımı
_h[electronic resource] /
_cSüleyman Ezber ; resimleyen Enis Temizel
260 _aİstanbul :
_bNesil Çocuk Yayınları,
_c2015
300 _a73 p.
650 4 _aDil ve Edebiyat
650 4 _aLanguage and Literature
650 0 _aTürk dili
650 0 _aTurkish language
650 7 _aLANGUAGE ARTS & DISCIPLINES / Linguistics / Semantics
_2bisacsh
700 1 _aTemizel, Enis
856 4 0 _uhttp://search.ebscohost.com/login.aspx?direct=true&scope=site&db=e011xww&AN=1349767
999 _c14069
_d14069